Principios y normas contables generalmente aceptados (Registro nro. 1659)

Detalles MARC
000 -LEADER
fixed length control field 01090 a2200193 4500
001 - CONTROL NUMBER
control field 28160
005 - DATE AND TIME OF LATEST TRANSACTION
control field 20260407155553.0
008 - FIXED-LENGTH DATA ELEMENTS--GENERAL INFORMATION
fixed length control field 260407a1969 arg spa d
003 - CONTROL NUMBER IDENTIFIER
control field AR-UNSa-BCEJYS
040 ## - CATALOGING SOURCE
Original cataloging agency AR-UNSa-BCEJYS
Language of cataloging spa
Transcribing agency AR-UNSa-BCEJYS
080 ## - UNIVERSAL DECIMAL CLASSIFICATION NUMBER
Universal Decimal Classification number 657
Common auxiliary subdivision Contabilidad
100 1# - MAIN ENTRY--PERSONAL NAME
Personal name Dell´Elce, Quintino P.
245 10 - TITLE STATEMENT
Title Principios y normas contables generalmente aceptados
264 #1 - PRODUCTION, PUBLICATION, DISTRIBUTION, MANUFACTURE, AND COPYRIGHT NOTICE
Place of production, publication, distribution, manufacture Buenos Aires :
Name of producer, publisher, distributor, manufacturer El Coloquio
Date of production, publication, distribution, manufacture, or copyright notice 1969
300 ## - PHYSICAL DESCRIPTION
Extent 69 p.
Dimensions 22 cm.
505 ## - FORMATTED CONTENTS NOTE
Formatted contents note 1. Introducción - 2. Origen de la expresión - 3. Disposiciones normativas - 3.1 Antecedentes - 3.2. Ambito interamericano - 3.2.1. VIº Conferencia Ineramericana de contabilidad - 3.2.2.VIIº Conferencia Interamericana de contabilidad - 3.3 Ambito nacional - 3.3.1 VIº Asamblea nacional de graduados en ciencias económicas - 3.3.2 VIIIº Convención nacional de consejos profesionales de ciencias económicas - 3.3.3.VIIº Asamblea nacional de graduados en ciencias económicas - 3.3.4 Instituto técnico de contadores públicos - 4. Conclusiones.
590 ## - LOCAL NOTE (RLIN)
Local note niveau_biblio:m niveau_hierar:0
942 ## - ADDED ENTRY ELEMENTS (KOHA)
Koha item type
Existencias
Withdrawn status Lost status Damaged status Not for loan Home library Current library Shelving location Date acquired Total checkouts Full call number Barcode Date last seen Price effective from Koha item type
        Biblioteca Prof. Eusebio Cleto del Rey Biblioteca Prof. Eusebio Cleto del Rey   07/04/2026   657 D357 L12588 07/04/2026 07/04/2026 Libro
        Biblioteca Prof. Eusebio Cleto del Rey Biblioteca Prof. Eusebio Cleto del Rey   07/04/2026   657 D357 L12589 07/04/2026 07/04/2026 Libro